000 00394nam a2200145Ia 4500
008 230917s9999||||xx |||||||||||||| ||und||
040 _e112842
_aMAIN
041 _aEnglish
082 _a005.1 S33A
100 _aSchilling, Robert J
245 0 _aApplied numerical methods for engineers using Matlab and C
260 _aSingapore
_bThomson Asia
_c2002
300 _axxx, 715 p.
942 _cBK
999 _c131567
_d131567